Регионална библиотека "Любен Каравелов" - Русе

Международен фестивал Мартенски музикални дни (Запис номер 447622)

MARC детайли
000 -Лидер
Контролно поле с фиксирана дължина 01360nam a2200265 a 4500
003 - Код на организацията, давaща контролен номер
Контролно поле BLK
005 - Дата и час на последна редакция
Контролно поле 20230628135259.0
008 - Елементи от данни с фиксирана дължина
fixed length control field 220308b bu |||||||||| 00| | bu d
040 ## - Източник на каталожния запис
Идентификатор на билиотеката - собственик на записа BLK
041 ## - Код за език
Код за езика на текст/звукозапис или на отделно заглавие Български
Код за езика КДБФ Български
080 ## - УДК
Текстов определител УДК Фестивали, музикални празнества
УДК код - определител по УДК 7.091.4
УДК определител (497.215)(062)
УДК - код + определител 7.091.4(497.215)(062)
139 ## - Редно поле
Редна дума Международен фестивал Мартенски музикални дни
Авторски знак Мед - М 45
245 ## - Сведения за заглавието
Заглавие Международен фестивал Мартенски музикални дни
Подзаглавни данни Русе : 1961 - 1979
Редно поле (дума) състав. Силви Стамболиев, Ива Чавдарова ; глав. ред. Димитър Градев
Физически носител (вид на носителя) [Малотир. изд.]
260 ## - Област на издателските данни
9 (RLIN) 219162
Място на издаване, разпространение и проч. б. м.
Име на издателя, разпространителя и проч. Център за пропаганда и информ. при държ. обединение Театър и музика
Година на издаване б. г.
300 ## - Физическа характеристика
Страници 80 с.
Размери/Мащаб 20 см
380 ## - Жанр
Жанр Изкуство
653 #7 - Ключова дума – ненормативна
9 (RLIN) 190575
Ключова дума Мартенски музикални дни
653 #7 - Ключова дума – ненормативна
9 (RLIN) 190804
Ключова дума международни фестивали
653 #7 - Ключова дума – ненормативна
9 (RLIN) 195843
Ключова дума Русе
700 ## - Други автори (авторска отговорност)
9 (RLIN) 1478
Лично име Стамболиев, Силви
Автороска отговорност (Описва отношението между автора и произведението) състав.
700 ## - Други автори (авторска отговорност)
9 (RLIN) 1478
Лично име Чавдарова, Ива
Автороска отговорност (Описва отношението между автора и произведението) състав.
700 ## - Други автори (авторска отговорност)
9 (RLIN) 523
Лично име Градев, Димитър
Автороска отговорност (Описва отношението между автора и произведението) глав. ред.
852 ## - Местоположение
Фондова буква Краезнание
Систематично-азбучна сигнатура К 78/М 45
999 ## - СИСТЕМНИ КОНТРОЛНИ НОМЕРА
Koha biblionumber 447622
Koha biblioitemnumber 447622
942 ## - АРТИКУЛИ
Вид на библиотечния материал Книги
Скрит в OPAC Не
Периодичен библиозапис Да
Koha issues (borrowed), all copies 1
Наличности
Код за отписване Код за изгубен артикул Източник на класификационната схема Код за повреда Коз за рестрикции Код за отдаване Артикулен № Име на библиотеката - собственик Име на библиотеката, в която се намира в момента Статус (Текущо местоположение) Дата на вписване в системата Местоположение - отдел Цена в лева Систематично азбучна сигнатура Баркод Цена в евро Служебен тип на артикула
  Не е изгубен Universal Decimal Classification Не е повреден само за читалня ползва се в читалня 875649 Регионална библиотека "Любен Каравелов" Русе Регионална библиотека "Любен Каравелов" Русе Краезнание 2022-03-15 Краезнание 2.00 К 78/М 45 120000868239 1.02 Книги
Vip Innovations Ltd, Rousse, Bulgaria 2025